Statistics for Marvel Snap Locations

Click here to take the quiz!

General Stats

  • This quiz has been taken 30 times
    (23 since last reset)
  • The average score is 57 of 108

Answer Stats

Location DescriptionLocation% Correct
Whoever has the least power here winsBar With No Name
86%
Add a squirrel to each locationCentral Park
86%
Ego takes over and plays your cards for youEgo
86%
After turn 4, whoever is winning here draws 2 cardsAsgard
81%
If you only have one card here, it has +5 powerAtlantis
81%
Whoever is winning this location gets +3 power at the othersBaxter Building
81%
After turn 3, shuffle your hand into your deck. Draw 3 cardsAttilan
76%
After you play a card here, fill this location with copies of itBar Sinister
76%
Whoever has more cards here gets +100 powerMojoworld
76%
On turn 6, you can move cards to this locationNew York
76%
On turn 5, all cards must be played hereAvengers Compound
71%
Get a copy of a card in your opponent's handDaily Bugle
71%
Cards cost 1 lessElysium
71%
When a card moves here, destroy itFisk Tower
71%
After turn 3, transform all cards here into the HulkGamma Lab
71%
On Reveal effects happen twice at this locationKamar-Taj
71%
There is a turn 7 this gameLimbo
71%
Cards can't be played hereSanctum Sanctorum
71%
After you play a card here, destroy it to get +2 energy next turnAltar Of Death
67%
After you play a 3 or 4-cost card, move it hereAsteroid M
67%
After you play a card here, add a copy to your handCloning Vats
67%
Cards played here have a 25% chance to be destroyedDanger Room
67%
After you play a card here, destroy itDeath's Domain
67%
On turn 5, cards cost 1 moreDream Dimension
67%
You can't play cards here after turn 4Kyln
67%
After turn 5, give all cards here +2 powerStark Tower
67%
Cards here can't be destroyedWakanda
67%
Both players draw from their Opponent's decksWeirdworld
67%
Fill this location with Rocks. Skip a turn to destroy your RocksCollapsed Mine
62%
Cards here are not revealed until the game endsDark Dimension
62%
Draw a 1-cost card from your deckHell's Kitchen
62%
After each turn, if there is more than one card here, destroy themRickety Bridge
62%
After you play a card here, double its powerShuri's Lab
62%
Whoever fill this location first draws a 6-cost card. It costs 0The Raft
62%
After turn 4, end the gameTVA
62%
After turn 3, add a random card here for each playerX-Mansion
62%
Add a random 3-cost card to each player's handCamp Lehigh
57%
Replace both decks with 10 random cardsDistrict X
57%
When a card moves here, give it +2 powerK'un-Lun
57%
On turn 3, 4, and 5, no cards can be added hereMiniaturized Lab
57%
Add a 9-power Monster here for each playerMonster Island
57%
After turn 3, destroy all cards hereMurderworld
57%
After you play a card here, add a copy to another locationSinister London
57%
Your power here is granted to other locations as wellThe Nexus
57%
Each card in your hand swaps its power and costThe Peak
57%
After you play here, shuffle 3 Vibranium into your deckVibranium Mines
57%
Cards that cost 1,2, or 3 can't be played hereCrimson Cosmos
52%
Ongoing effects are disabled hereIsle of Silence
52%
After turn 4, merge your cards here into a SymbioteKlyntar
52%
On turn 5, takes over and plays both players cards for themKrakoa
52%
After you play a card here, return it to your handLuke's Bar
52%
After each turn, give cards here +1 powerMuir Island
52%
Cards here have -2 powerNecrosha
52%
After turn 3, all cards here swap sidesOscorp Tower
52%
After you play a card here, swap it with a card in your deckQuantum Tunnel
52%
After this turn, put a card from each player's hand hereSakaar
52%
Discard a card from each player's handSokovia
52%
Only one card can be here for each playerThe Space Throne
52%
On turn 6, cards can't be played hereThe Vault
52%
After turn 4, destroy all cards controlled by the player losing hereHala
48%
On Reveal effects do not happen at this locationKnowhere
48%
You can't play your first card here each turnMorag
48%
Cards here have -3 powerNegative Zone
48%
Ongoing effects here are doubledOnslaught's Citadel
48%
+5 energy this turnProject Pegasus
48%
After you play a card here, set its base power to 2Quantum Realm
48%
Add two raptors on each side of this locationSavage Land
48%
Cards here have -1 powerSewer System
48%
After turn 4, move all cards one location to the rightThe Bifrost
48%
If you have no cards here. +1 energy each turnThe Superflow
48%
Card(s) here with the highest power have their power doubledThrone Room
48%
Give +2 power to cards in player's handsWakandan Embassy
48%
After turn 5, put a card from each player's hand hereGrand Central
43%
After each turn, cards here lose 1 powerJotunheim
43%
After you play a card here, add a copy to the opponent's handMachineworld
43%
On turn 4, transform into one of the other locationsMirror Dimension
43%
Cards here have +5 powerNidavellir
43%
Draw a cardNova Roma
43%
Draw 2 cardsOlympia
43%
This turn, all cards must be played herePet Mansion
43%
Only cards that cost 6 can be played herePlunder Castle
43%
Fill each player's hand with random cardsThe Triskelion
43%
6-cost card cost 1 lessTitan
43%
The first card you play here is destroyedVormir
43%
Cards here with no abilities have +3 powerWashington D.C.
43%
Turns into a new location on turn 4Westview
43%
Destroy the other locationsWorldship
43%
After turn 3, add a Rock to the losing player's sideEternity Range
38%
Draw 3 cards. Destroy both decksLamentis-1
38%
No cards are revealed this turnLemuria
38%
At the start of turn 6, swap handsMindscape
38%
After turn 5, move all cards here to other random locationsStrange Academy
38%
Add a random card to each player's handThe Hub
38%
+1 energy this turnTinkerer's Workshop
38%
Cards here have +1 powerXandar
38%
After you play a card here, shuffle 3 rocks into your deckLechuguilla
33%
After you play a card here, add a Sentinel to your handOrchis Forge
33%
Shuffle 5 rocks into each deckSubterranea
33%
Cards that cost 4,5,or 6 can't be played hereThe Big House
33%
Give a card in each player's hand +1 costThe Ice Box
33%
First to fill this gets a copy of their opening handThe Sacred Timeline
33%
After each turn, cards here FIGHT! Destroy the weakest one(s)Warrior Falls
33%
Cards that cost 1 can't be played hereHellfire Club
29%
After turn 3, ruin a random locationLos Diablos Base
29%
After turn 4, swap the position of each locationStarlight Citadel
29%
The card(s) with the highest power here get +3 powerMonster Metropolis
24%
Add a ninja to each side with -2 powerShadowland
24%
Cards with abilities can't be played hereThe Sandbar
24%

Score Distribution

Percentile by Number Answered

Percent of People with Each Score

Your Score History

You have not taken this quiz since the last reset